LEADER 01000nam0-22003371i-450- 001 990003104640403321 010 $a0-691-09386-5 035 $a000310464 035 $aFED01000310464 035 $a(Aleph)000310464FED01 035 $a000310464 100 $a20000920d1980----km-y0itay50------ba 101 0 $aeng 102 $aIT 200 1 $aInternal Migration During Modernization in Late Nineteenth-Century Russia$fBarbara A. Anderson. 210 $aPrincenton$dN.J.$cPrinceton University Press$d1980. 215 $axxv, 222 p.$cill.$d22 cm 610 0 $aMigrazioni e mercato del lavoro 610 0 $aUnione Sovietica 676 $a15600 676 $aE/4.3 676 $aF/1.7 702 1$aAnderson,$bBarbara A. 801 0$aIT$bUNINA$gRICA$2UNIMARC 901 $aBK 912 $a990003104640403321 952 $aE/4.3 AND$b5262$fSES 959 $aSES 996 $aInternal Migration During Modernization in Late Nineteenth-Century Russia$9461856 997 $aUNINA DB $aING01 LEADER 00926nam0-2200289 --450 001 9910575900003321 005 20220623104648.0 010 $a978-88-498-6462-5 100 $a20220623d2021----kmuy0itay5050 ba 101 0 $aita 102 $aIT 105 $aa 001yy 200 1 $aGeopolitica della salute$eCovid-19, OMS e la sfida pandemica$fNicoletta Dentico, Eduardo Missoni 210 $aSoveria Mannelli$cRubbettino$d2021 215 $a258 p.$cill.$d21 cm 225 1 $aProblemi aperti$v246 610 0 $aCovid-19$aPandemie$aRuolo [dell'] Organizzazione Mondiale della Sanità 676 $a614.58$v23$zita 700 1$aDentico,$bNicoletta$01239404 701 1$aMissoni,$bEduardo$0125798 801 0$aIT$bUNINA$gREICAT$2UNIMARC 901 $aBK 912 $a9910575900003321 952 $aCOLLEZ. 1858 (246)$b1167/2022$fFSPBC 959 $aFSPBC 996 $aGeopolitica della salute$92875785 997 $aUNINA LEADER 01280oam 2200445zu 450 001 9910145674403321 005 20241212215718.0 010 $a9781509080441 010 $a1509080449 010 $a9781424415731 010 $a142441573X 035 $a(CKB)1000000000711055 035 $a(SSID)ssj0000453936 035 $a(PQKBManifestationID)12210605 035 $a(PQKBTitleCode)TC0000453936 035 $a(PQKBWorkID)10487913 035 $a(PQKB)10683189 035 $a(NjHacI)991000000000711055 035 $a(EXLCZ)991000000000711055 100 $a20160829d2007 uy 101 0 $aeng 135 $aur||||||||||| 181 $ctxt 182 $cc 183 $acr 200 10$a2008 2nd IEEE International Nanoelectronics Conference 210 31$a[Place of publication not identified]$cI E E E$d2007 215 $a1 online resource 300 $aBibliographic Level Mode of Issuance: Monograph 311 08$a9781424415724 311 08$a1424415721 606 $aMolecular electronics$vCongresses 615 0$aMolecular electronics 676 $a621.381 702 $aIEEE Staff 801 0$bPQKB 906 $aPROCEEDING 912 $a9910145674403321 996 $a2008 2nd IEEE International Nanoelectronics Conference$92539527 997 $aUNINA